10 Words, 20 Definitions XVI Quiz Stats

 Plays Quiz Updated Aug 13, 2019

Score 0/20 Timer 03:00
1 Play Today
% Correct
Yard
95.8%
Season
95.7%
Brass
95.4%
Upset
95.3%
Tie
95.2%
Yard
94.9%
Jack
94.7%
File
94.5%
Interchange
94.2%
Season
93.8%
% Correct
Interchange
93%
Novel
92.6%
Drone
92.1%
Tie
91.7%
Upset
90.3%
Jack
89.4%
Novel
89.2%
Drone
87.2%
File
86.8%
Brass
81.2%

You're not logged in!

Compare scores with friends on all Sporcle quizzes.
OR
Log In

Sporcle TV

Today on Sporcle TV


Watch our educational content, quiz creation guides, and fun videos on Sporcle TV.

Show Comments

Extras

Top Quizzes Today


Score Distribution

Your Account Isn't Verified!

In order to create a playlist on Sporcle, you need to verify the email address you used during registration. Go to your Sporcle Settings to finish the process.

Report this User

Report this user for behavior that violates our Community Guidelines.

Details: